000 01113nam0a22002411 4500
001 rc\1110141
005 20041126174221.8
035 _a(NLR Aleph) 006354506
090 _a4836657
_c4836657
100 _a20041126d1982 u |0rusy50 ca
101 0 _arus
102 _aRU
105 _aa |||||||||
200 1 _aПерспективное направление развития ассортимента и художественно-колористического оформления материалов для одежды на 1983 год
_e[Метод. рекомендации]
_fМ-во быт. обслуж. населения РСФСР, Центр. опыт.-техн. швейн. лаб.
_g[Подгот. Г.Г. Лазаревой, М.Б. Чижовой]
210 _aМ.
_cЦОТШЛ
_d1982
215 _a32 с.
_cил.
_d20
702 1 _aЛазарева
_bГ. Г.
_4570
712 0 2 _aЦентральная опытно-техн. швейная лаборатория
_cМосква
801 0 _aRU
_bNLR
_gpsbo
801 1 _aRU
_bELAR
_2rusmarc
852 _aNLR
_j82-4/29702
942 _cBOOK
980 _aNB